Together as one (Record no. 84608)

MARC details
000 -LEADER
fixed length control field 00563cab a22001935a 4500
001 - CONTROL NUMBER
control field L158478
008 - FIXED-LENGTH DATA ELEMENTS--GENERAL INFORMATION
fixed length control field 150317e20150314xxk 000 0 eng d
035 ## - SYSTEM CONTROL NUMBER
System control number (Sirsi) u158478
041 0# - LANGUAGE CODE
Language code of text/sound track or separate title eng
100 1# - MAIN ENTRY--PERSONAL NAME
Personal name Chases, Paul
245 00 - TITLE STATEMENT
Title Together as one
260 ## - PUBLICATION, DISTRIBUTION, ETC.
Date of publication, distribution, etc. 2015
490 ## - SERIES STATEMENT
Series statement Estates Gazette
Volume/sequential designation (1510) 14 March 2015, 70-72(3)
520 ## - SUMMARY, ETC.
Summary, etc. Considers the key issues relating to joint ventures in their creation, governance and management of conflicts.
590 ## - LOCAL NOTE (RLIN)
Local note KA
651 #4 - SUBJECT ADDED ENTRY--GEOGRAPHIC NAME
Geographic name United Kingdom
690 ## - LOCAL SUBJECT ADDED ENTRY--TOPICAL TERM (OCLC, RLIN)
Topical term or geographic name as entry element Property management
9 (RLIN) 6262
942 ## - ADDED ENTRY ELEMENTS (KOHA)
Suppress in OPAC 0
Holdings
Withdrawn status Lost status Source of classification or shelving scheme Damaged status Not for loan Home library Current library Shelving location Date acquired Total Checkouts Full call number Barcode Date last seen Copy number Price effective from Koha item type
    Dewey Decimal Classification     London London Journal article 17/03/2015   L158478 158478-1001 06/08/2019 1 06/08/2019 Journal article